000 01612cam a2200337 i 4500
999 _c12677
_d12677
001 21123790
003 MAJU-Karachi
005 20201107105039.0
008 190808s2019 pk b 001 0 eng
010 _a 2019314499
020 _a9780199408535
025 _aP-E-2019314499; 13; 31
037 _bLibrary of Congress -- Islamabad Overseas Office
040 _aDLC
_beng
_cDLC
_erda
042 _alcode
_apcc
043 _aa-ii---
050 0 0 _aDS463
_b.N495 2019
100 1 _aNiaz, Ilhan,
_eauthor.
245 1 4 _aThe state during the British Raj :
_bimperial government in South Asia, 1700-1947 /
_cIlhan Niaz.
250 _aFirst edition.
300 _axiii, 312 pages ;
_c24 cm
504 _aIncludes bibliographical references (pages 288-305) and index.
505 0 _aIntroduction -- The rise and fall of the house of Timur and the struggle for Timurid Imperial Succession -- The British Indian State and the emergence of civilian supremacy -- Civilian meritocracy and the higher bureaucracy in British India -- The Peace of the realm: law and order and the British empire in India -- Representation and the Raj: The origins and development of South Asian Colonial Democracy -- The Raj and the sovereign law in India -- Conclusion.
650 0 _aBritish
_zIndia
_xHistory.
651 0 _aIndia
_xHistory
_yBritish occupation, 1765-1947.
651 0 _aIndia
_xPolitics and government
_y19th century.
651 0 _aIndia
_xPolitics and governmen
_y18th century.
906 _a7
_bcbc
_corigode
_d3
_encip
_f20
_gy-gencatlg
942 _2ddc
_cBK